Репертуар Ленинградских театров, 1944, ноябрь, 1-10 (Запись № 11211905)

Подробности
000 -МАРКЕР
контрольное поле 03426nam0a2200529 4500
001 - ИДЕНТИФИКАТОР ЗАПИСИ
контрольное поле RU\NLR\BIBL_A\011962538
005 - ИДЕНТИФИКАТОР ВЕРСИИ
контрольное поле 20260407095425.0
020 ## - НОМЕР ДОКУМЕНТА В НАЦИОНАЛЬНОЙ БИБЛИОГРАФИИ
Код страны Российская Федерация
Основное заглавие издания Российской книжной палаты Ленинград в Великой Отечественной войне. Коллекция. Афиши
035 ## - ДРУГИЕ СИСТЕМНЫЕ НОМЕРА
Идентификатор записи (NLR Aleph) 011962538
100 ## - ДАННЫЕ ОБЩЕЙ ОБРАБОТКИ
Данные общей обработки 20190318d1944 u y0rusy50 ca
101 0# - ЯЗЫК РЕСУРСА
Язык текста, звукозаписи и т.д. русский
102 ## - СТРАНА ПУБЛИКАЦИИ ИЛИ ПРОИЗВОДСТВА
Страна публикации Российская Федерация
105 ## - ПОЛЕ КОДИРОВАННЫХ ДАННЫХ: ТЕКСТОВЫЕ МАТЕРИАЛЫ, МОНОГРАФИЧЕСКИЕ
Кодированные данные о монографическом текстовом документе y z 000zy
135 ## - ПОЛЕ КОДИРОВАННЫХ ДАННЫХ: ЭЛЕКТРОННЫЕ РЕСУРСЫ
Кодированные данные для электронного ресурса crcn 024anaba
200 1# - ЗАГЛАВИЕ И СВЕДЕНИЯ ОБ ОТВЕТСТВЕННОСТИ
Основное заглавие Репертуар Ленинградских театров, 1944, ноябрь, 1-10
Сведения, относящиеся к заглавию Ордена Ленина Театр оперы и балета им. С. М. Кирова, Ордена Ленина Малый оперный театр, Ордена Трудового Красного Знамени Театр драмы им. А. С. Пушкина, Большой драматический театр им. М. Горького, Театр музыкальной комедии
-- [афиша]
Первые сведения об ответственности Дирекция театральных касс
210 ## - ПУБЛИКАЦИЯ, РАСПРОСТРАНЕНИЕ И ДР.
Место издания, распространения и т.д. [Ленинград]
Имя издателя, распространителя и т. д. ЛТ УН-10
Дата издания, распространения и т.д. 1944
215 ## - ФИЗИЧЕСКАЯ ХАРАКТЕРИСТИКА
Специфическое обозначение материала и объем 1 л.
Размеры 44х32
300 ## - ОБЩИЕ ПРИМЕЧАНИЯ
Текст примечания Начало спектаклей: утренних - в 12 ч., вечерних - в 19 час. 30 мин.
300 ## - ОБЩИЕ ПРИМЕЧАНИЯ
Текст примечания Зак. 4652
325 ## - ПРИМЕЧАНИЕ О КОПИИ
Текст примечания Копия доступна в Электрон. б-ке РНБ
606 1# - НАИМЕНОВАНИЕ ТЕМЫ КАК ПРЕДМЕТ
Наименование темы Театральная жизнь
Формальный подзаголовок Афиши
Географический подзаголовок Ленинград, город
Хронологический подзаголовок 1941 - 1944
Системный номер авторитетной/нормативной записи 2398624
Идентификатор авторитетной/нормативной записи RU\NLR\AUTH\6601649837
686 ## - ИНДЕКСЫ ДРУГИХ КЛАССИФИКАЦИЙ
Индекс Щ333(2Р=Рус)7-692Ленинград
710 02 - НАИМЕНОВАНИЕ ОРГАНИЗАЦИИ - ПЕРВИЧНАЯ ОТВЕТСТВЕННОСТЬ
Начальный элемент ввода Дирекция театральных касс
Системный номер авторитетной/нормативной записи 654101
Идентификатор авторитетной/нормативной записи RU\NLR\AUTH\880497123
711 02 - НАИМЕНОВАНИЕ ОРГАНИЗАЦИИ - АЛЬТЕРНАТИВНАЯ ОТВЕТСТВЕННОСТЬ
Начальный элемент ввода Ленинградский театр оперы и балета им. С. М. Кирова
Системный номер авторитетной/нормативной записи 333869
Идентификатор авторитетной/нормативной записи RU\NLR\AUTH\889918878
711 02 - НАИМЕНОВАНИЕ ОРГАНИЗАЦИИ - АЛЬТЕРНАТИВНАЯ ОТВЕТСТВЕННОСТЬ
Начальный элемент ввода Ленинградский малый театр оперы и балета
Системный номер авторитетной/нормативной записи 342736
Идентификатор авторитетной/нормативной записи RU\NLR\AUTH\889923401
711 02 - НАИМЕНОВАНИЕ ОРГАНИЗАЦИИ - АЛЬТЕРНАТИВНАЯ ОТВЕТСТВЕННОСТЬ
Начальный элемент ввода Ленинградский театр драмы им. А. С. Пушкина
Системный номер авторитетной/нормативной записи 332636
Идентификатор авторитетной/нормативной записи RU\NLR\AUTH\889918259
711 02 - НАИМЕНОВАНИЕ ОРГАНИЗАЦИИ - АЛЬТЕРНАТИВНАЯ ОТВЕТСТВЕННОСТЬ
Начальный элемент ввода Ленинградский Большой драматический театр им. М. Горького
Системный номер авторитетной/нормативной записи 337086
Идентификатор авторитетной/нормативной записи RU\NLR\AUTH\889920439
711 02 - НАИМЕНОВАНИЕ ОРГАНИЗАЦИИ - АЛЬТЕРНАТИВНАЯ ОТВЕТСТВЕННОСТЬ
Начальный элемент ввода Ленинградский театр музыкальной комедии
Системный номер авторитетной/нормативной записи 342183
Идентификатор авторитетной/нормативной записи RU\NLR\AUTH\889923122
852 ## - МЕСТОНАХОЖДЕНИЕ И ШИФР ХРАНЕНИЯ
Идентификатор организации NLR
Шифр хранения (Call Number) Л3-330а/40/2/1944-ноябрь(1)
856 #0 - МЕСТОНАХОЖДЕНИЕ ЭЛЕКТРОННЫХ РЕСУРОВ И ДОСТУП К НИМ
Универсальный идентификатор ресурса (Uniform Resource Identifier) http://vivaldi.nlr.ru/la700000081/view
856 #1 - МЕСТОНАХОЖДЕНИЕ ЭЛЕКТРОННЫХ РЕСУРОВ И ДОСТУП К НИМ
Универсальный идентификатор ресурса (Uniform Resource Identifier) http://vivaldi.nlr.ru/la700000081/cover
856 #2 - МЕСТОНАХОЖДЕНИЕ ЭЛЕКТРОННЫХ РЕСУРОВ И ДОСТУП К НИМ
Универсальный идентификатор ресурса (Uniform Resource Identifier) http://vivaldi.nlr.ru/la700000081/text
942 ## - ДОПОЛНИТЕЛЬНЫЕ ЭЛЕМЕНТЫ ЗАПИСИ (АБИС)
Тип экземпляра АБИС Визуальный материал
945 ## - Информацию об издании предоставили:
Полное название организации, предоставившей материал Российская национальная библиотека
980 ## - КОЛЛЕКЦИЯ
Название коллекции Национальная библиография
980 ## - КОЛЛЕКЦИЯ
Название коллекции Библиография Победы
980 3# - КОЛЛЕКЦИЯ
Название коллекции КП2019 Ленинград в Великой Отечественной войне
980 3# - КОЛЛЕКЦИЯ
Название коллекции Книжные памятники РНБ
981 37 - КОЛЛЕКЦИЯ ЭЛЕКТРОННОЙ БИБЛИОТЕКИ
Название коллекции Ленинград в Великой Отечественной войне
Название подколлекции Афиши блокадного Ленинграда

Нет доступных экземпляров.